000 00845nam a2200241 i 4500
001 bg
245 0 0 _aProjektowanie technologii maszyn :
_bpraca zbiorowa /
_cStefan Kapiński [et al.] ; pod red. Jerzego Z. Sobolewskiego.
260 _aWarszawa :
_bOficyna Wydawnicza Politechniki Warszawskiej,
_c2002.
300 _a458 s. :
_bil. ;
_c24 cm +
_eCD ROM.
504 _aBibliogr. po rozdz.
650 9 _aMaszyny
_xtechnologia
_xprojekty
655 _aPodręczniki akademickie
700 1 _aKAPIŃSKI, Stefan
700 1 _aSOBOLEWSKI, Jerzy Z.
020 _a8372073260
040 _cBPK
041 0 _apol
080 _a621.01(075.8)
920 _a83-7207-326-0
942 _cKS
008 s pl f |000 0 pol
999 _c42882
_d42882
856 _uhttp://koha.tu.koszalin.pl/cgi-bin/koha/opac-detail.pl?biblionumber=42882
_yKatalog online BPK